01437nam a2200337Ia 4500001001200000003000800012006001900020007001500039008004100054010001700095020004300112040002100155035002100176050002600197100003800223245009800261260004600359300001600405490002100421504005100442533015200493650007000645650005200715650006700767651005200834655002900886710001700915830002200932856012600954999001901080ebr10355663CaPaEBRm u cr cn|||||||||090702s2009 miu sb 001 0 eng d z 2009026396 z9780780810938 (hardcover : alk. paper) aCaPaEBRcCaPaEBR a(OCoLC)64783320014aPN4888.S6bH55 2009eb1 aHillstrom, Laurie Collier,d1965-14aThe muckrakers and the Progressive Erah[electronic resource] /cby Laurie Collier Hillstrom. aDetroit, MI :bOmnigraphics, Inc.,c2009. axvi, 248 p.1 aDefining moments aIncludes bibliographical references and index. aElectronic reproduction.bPalo Alto, Calif. :cebrary,d2011.nAvailable via World Wide Web.nAccess may be limited to ebrary affiliated libraries. 0aJournalismxSocial aspectszUnited StatesxHistoryy20th century. 0aSocial problemsxPress coveragezUnited States. 0aProgressivism (United States politics)xHistoryy20th century. 0aUnited StatesxSocial conditionsy20th century. 7aElectronic books.2local2 aebrary, Inc. 0aDefining moments.40uhttp://site.ebrary.com/lib/rucke/Doc?id=10355663zAn electronic book accessible through the World Wide Web; click to view c210935d210935